|
|
|
|
| LEADER |
00000nab a2200000 a 4500 |
| 001 |
vtls000716113 |
| 003 |
SK-MaSNL |
| 005 |
20260415111013.0 |
| 008 |
250505c1999 xo 0 slo |
| 015 |
|
|
|a SNBRB2000/03-08001
|
| 035 |
|
|
|a CLN000068280
|
| 035 |
|
|
|a urn:nbn:sk:snk-abjh1
|
| 035 |
|
|
|a (urnnbn)urn:nbn:sk:snk:ar-a055ut
|
| 035 |
|
|
|a (uuid)d3595b25-a104-498e-925f-a1a0f383c865
|
| 040 |
|
|
|a SNKBUCL
|b slo
|c SNKBUCL
|e AACR2
|
| 041 |
0 |
|
|a slo
|
| 044 |
|
|
|a xo
|c SK
|
| 080 |
|
|
|a 616.13-004.6(048)
|2 1997
|
| 100 |
1 |
|
|a Duká, Andrej
|4 aut
|9 1462376
|
| 245 |
1 |
0 |
|a P. Gavorník: Ateroskleróza a iné choroby tepien
|c Andrej Dukát
|
| 650 |
0 |
7 |
|a ateroskleróza
|2 snkbucl
|9 2428
|
| 650 |
0 |
7 |
|a tepny
|x choroby
|x monografie
|x recenzie
|2 snkbucl
|9 1462378
|
| 655 |
|
7 |
|a články z novín a časopisov
|2 snkbucl
|9 267496
|
| 773 |
0 |
|
|t Slovenský lekár
|g Roč. 9 (23), č. 12 (1999), s. 518
|x 1335-0234
|
| 787 |
0 |
8 |
|i Rec.:
|a Gavorník, Peter
|t Ateroskleróza a iné choroby tepien
|d Bratislava : Univerzita Komenského, 1999
|z 8022314226
|
| 850 |
|
|
|a Slovenská národná knižnica
|
| 852 |
|
|
|a Slovenská národná knižnica
|
| 954 |
|
|
|a odborná, vedecká literatúra pôvodná (slovenská)
|2 lita
|
| 958 |
|
|
|a article27
|
| 958 |
|
|
|a MI
|
| 958 |
|
|
|a OND
|
| 958 |
|
|
|a EUIPO
|
| 992 |
|
|
|a RBX
|
| 999 |
|
|
|c 2922421
|d 2924351
|